00709nam a2200181 a 450000100100000000500170001000800410002704000250006808200160009310000250010924500420013426000420017630000210021859000750023904900090031495201870032399900170051000003534220200930074255.0111027s1966 enk 000 0 spa d aDO-SdBNPbspacBNPHU axxxxbM647q1 aMiller, Henry94960410aQuiet days in clichy /cHenry Miller. aLondon :bNew English Library,c1966. a128 p. ;c18 cm. aPerteneció a la biblioteca personal de Juan Isidro Jimenes Grullón aBNGR 001050718MOaGRbGRcCTd2011-10-27iLF1l0oxxxx M647qp35342-10r2020-06-25w2020-06-25y1zPerteneció a la biblioteca personal de Juan Isidro Jimenes GrullónZNo se presta c34833d34833